| 000 | 00717cam a22002292 4500 | ||
|---|---|---|---|
| 001 | 0000009076 | ||
| 005 | 20151217152048.0 | ||
| 008 | 080824s xx 000 0 eng d | ||
| 020 |
_a0198765530 : _cKES 5318.60 |
||
| 040 |
_aKABU _cKABU |
||
| 100 | 1 |
_aBirnie, P. W. _@0000160039 |
|
| 245 | 1 | 0 |
_aInternational law and the environment / _cP. W. Birnie and A. E. Boyle. |
| 250 | _a2nd ed. | ||
| 260 |
_aOxford : _bO. U. P., _c2002. |
||
| 300 | _axxx, 798 p. | ||
| 650 | 0 |
_aEnvironmental law, International. _@0000153307 |
|
| 700 | 1 |
_aBoyle, A. E. _@0000160040 |
|
| 908 | _a080824 | ||
| 950 | _@1 | ||
| 999 |
_c7771 _d7771 |
||